LEADER 01088nam a2200253 i 4500 001 000000225725 003 CaOOAMICUS 005 20140107000000.0 008 140107s1977 it u000 u ita u 013 $a204627 040 $aSeMil$bita 100 1 $aAdriani, Maurilio.$0(OLS)http://semarc/name/901 245 10$aStoria religiosa d'Italia /$cMaurilio Adriani ; prefazione del Prof. Paolo Brezzi. 260 $aRoma :$bBibliotheca Fides,$ccopyr. 1977. 300 $a521 p., [64] c. di tav. ;$c25 cm. 490 0 $aBibliotheca Fides 500 $aContiene : Note e argomenti ; Elenco delle tavole fuori testo. 650 4$aItalia - Storia religiosa.$0(OLS)http://semarc/subject/1010 700 1 $aBrezzi, Paolo <1910-1998>.$0(OLS)http://semarc/name/5348 830 0$aBibliotheca Fides.$0(OLS)http://semarc/title/22348 850 $aSeMil 852 $aSeMil$W1$xVenegono$y1$m3A IV 296$j176071$B176071$CSeMilBibl$Z2$F187017 $81 996 $6245$aStoria religiosa d'Italia$9(OLS)http://semarc/title/323318 996 $6260$aRoma :$bBibliotheca Fides$9(OLS)http://semarc/publisher/30116 LEADER 01048nam a2200253 i 4500 001 000000088186 003 CaOOAMICUS 005 20130822000000.0 008 130822s1953 xx u000 u und u 013 $a60426 040 $aSeMil$bita 100 1 $aCartechini, Sisto.$0(OLS)http://semarc/name/40138 245 10$aDall'opinione al domma. Valore delle note teologiche. 260 $aRoma :$bCiviltà Cattolica,$c1953. 300 $a289 p. 490 0 $aOrientamenti e contributi 650 4$aTeologia fondamentale - Saggi.$0(OLS)http://semarc/subject/5976 650 4$aErmeneutica teologica.$0(OLS)http://semarc/subject/5750 650 4$aDogma.$0(OLS)http://semarc/subject/545 830 0$aOrientamenti e contributi.$0(OLS)http://semarc/title/26112 850 $aSeMil 852 $aSeMil$W1$xVenegono$y1$m120 5 2 *$j51541$B51541$CSeMilBibl$Z2$F55785 $81 996 $6245$aDall'opinione al domma. Valore delle note teologiche$9(OLS)http://semarc/title/134177 996 $6260$aRoma :$bCiviltà Cattolica$9(OLS)http://semarc/publisher/31487